000 00222nam a2200085Ia 4500
245 0 _aMetal cans
100 _a WALKER, Kate South Yarra, Vic., 2009
_983037
942 _cBK
008 210818s9999 xx 000 0 und d
999 _c446003
_d446003